Cosa è successo prima? (Risposta multipla) - Statistics

Statistiche generali
  • Questo quiz è stato fatto 42 volte
  • Il punteggio medio è 3 su 10
Statistiche sulle risposte
Domanda Risposta % Corretto
Cosa è successo prima? Teoria dell’evoluzione per selezione naturale di Charles Darwin
62%
Cosa è successo prima? Fondazione degli Stati Uniti d’America
51%
Cosa è successo prima? Unità d’Italia
38%
Cosa è successo prima? Rapimento e uccisione di Aldo Moro
35%
Cosa è successo prima? Elezione di Papa Giovanni Paolo II
22%
Cosa è successo prima? Fondazione della società Apple
19%
Cosa è successo prima? Fondazione di Netflix
16%
Cosa è successo prima? Nasce MTV
16%
Cosa è successo prima? Prima persona nello spazio
16%
Cosa è successo prima? Michael Jordan entra nella NBA
14%
Nessun quiz corrispondente trovato
Distribuzione punteggi
Percentuale di utenti per punteggio
Percentile per numero di risposta
I tuoi punteggi nel tempo
Non hai fatto questo quiz